000 00379nam a2200145Ia 4500
008 240624s9999 xx 000 0 und d
041 _aeng
082 _a658.3 PER
100 _aPERKINS STEPHEN J
245 _aSTRATEGIC INTERNATIONAL HUMAN RESOURCE M
250 _a(2nd ed.)
260 _c2007
_aNew Delhi
_bKogan Page
300 _avii, : 258 : p. : cm. ; 23
365 _cRS
_b32
999 _c7681
_d7681